Prem's Judicial dictionary : (Record no. 65132)

MARC details
000 -LEADER
fixed length control field 00706cam a22002171a 4500
001 - CONTROL NUMBER
control field sa 65007233
003 - CONTROL NUMBER IDENTIFIER
control field DLC
005 - DATE AND TIME OF LATEST TRANSACTION
control field 20260227112148.0
008 - FIXED-LENGTH DATA ELEMENTS--GENERAL INFORMATION
fixed length control field 750822s1964 ii d 000 0 eng
010 ## - LIBRARY OF CONGRESS CONTROL NUMBER
LC control number sa 65007233
035 ## - SYSTEM CONTROL NUMBER
System control number (OCoLC)1563502
040 ## - CATALOGING SOURCE
Original cataloging agency DLC
Transcribing agency FU-L
Modifying agency MoSU-L
-- DLC
042 ## - AUTHENTICATION CODE
Authentication code premarc
050 00 - LIBRARY OF CONGRESS CALL NUMBER
Classification number LAW <Dictionaries Prem>
100 1# - MAIN ENTRY--PERSONAL NAME
Personal name Prem, Daulat Ram.
245 10 - TITLE STATEMENT
Title Prem's Judicial dictionary :
Remainder of title (words and phrases judicially defined in India, England, U.S.A., and Australia) /
Statement of responsibility, etc. by Dualat Ram Prem.
260 ## - PUBLICATION, DISTRIBUTION, ETC.
Place of publication, distribution, etc. New Delhi, India :
Name of publisher, distributor, etc. Arora Law House
Date of publication, distribution, etc. [1964]
300 ## - PHYSICAL DESCRIPTION
Extent 4 v. (1712 p.) ;
Dimensions 25 cm.
650 #0 - SUBJECT ADDED ENTRY--TOPICAL TERM
Topical term or geographic name entry element Law
General subdivision Dictionaries
-- English.
740 0# - ADDED ENTRY--UNCONTROLLED RELATED/ANALYTICAL TITLE
Uncontrolled related/analytical title Judicial dictionary.

No items available.

Powered by Koha